| 000 | 01089nam a2200241Ia 4500 | ||
|---|---|---|---|
| 999 |
_c56081 _d56081 |
||
| 001 | 23181 | ||
| 003 | GE_BSU | ||
| 005 | 20230719160242.0 | ||
| 008 | 181216s1966||||ge |||||||||||||| ||geo|| | ||
| 040 | _cGE_BSU | ||
| 041 | _ageo | ||
| 080 | _a821.112.2-32 მ-27 | ||
| 100 |
_aმანი, თომას _919447 |
||
| 245 |
_aმოთხრობები / _cთომას მანი ; რედაქცია, შესავალი ნარკვევი და შენიშვნები ოთარ ჯინორიასი. |
||
| 264 |
_aთბილისი : _bსაბჭ. საქართველო, _c1966. |
||
| 300 |
_a669 გვ. ; _c22 სმ. |
||
| 500 | _aგაშლილი თავფურცელი გერმანულ ენაზე | ||
| 520 | _aგაშლილი თავფურცელი გერმანულ ენაზე | ||
| 541 | _h4 ლ. 74თ. | ||
| 653 | _aმოთხრობები | ||
| 700 |
_aჯინორია, ოთარ _eრედაქტორი _913630 |
||
| 942 |
_cBK _2udc |
||